Human dignity and its contribution to development: (Record no. 223228)

MARC details
000 -LEADER
fixed length control field 00631nam a22001937a 4500
005 - DATE AND TIME OF LATEST TRANSACTION
control field 20220603143105.0
008 - FIXED-LENGTH DATA ELEMENTS--GENERAL INFORMATION
fixed length control field 220603b ||||| |||| 00A| 0 eng d
040 ## - CATALOGING SOURCE
Transcribing agency Aloy
041 ## - LANGUAGE CODE
Language code of text/sound track or separate title eng
082 ## - DEWEY DECIMAL CLASSIFICATION NUMBER
Edition number 23
Classification number 658.3
Item number BURH
100 ## - MAIN ENTRY--PERSONAL NAME
Personal name Shahid Javed Burki
100 ## - MAIN ENTRY--PERSONAL NAME
9 (RLIN) 40334
245 ## - TITLE STATEMENT
Title Human dignity and its contribution to development:
Remainder of title Mahbub Ul Haqs insights into promoting progress
260 ## - PUBLICATION, DISTRIBUTION, ETC.
Place of publication, distribution, etc. Karachi
Name of publisher, distributor, etc. Oxford University Press
Date of publication, distribution, etc. 2001
300 ## - PHYSICAL DESCRIPTION
Extent 20p.
Other physical details PB
Dimensions 22x14cm.
650 ## - SUBJECT ADDED ENTRY--TOPICAL TERM
Topical term or geographic name entry element Mahbub Ul HAQ memorial Lecture
9 (RLIN) 40331
650 ## - SUBJECT ADDED ENTRY--TOPICAL TERM
Topical term or geographic name entry element Human Development Centre
9 (RLIN) 40332
700 ## - ADDED ENTRY--PERSONAL NAME
Personal name BURKI (Shahid Javed)
9 (RLIN) 40333
942 ## - ADDED ENTRY ELEMENTS (KOHA)
Source of classification or shelving scheme Dewey Decimal Classification
Koha item type George Fernandes Collections
Holdings
Withdrawn status Lost status Source of classification or shelving scheme Damaged status Not for loan Collection code Home library Current library Date acquired Total Checkouts Full call number Barcode Date last seen Price effective from Koha item type
    Dewey Decimal Classification     Economics St Aloysius Library St Aloysius Library 03/24/2022   658.3 BURH GF02104 06/03/2022 06/03/2022 George Fernandes Collections